Spinoza and politics (Record no. 640308)

MARC details
000 -LEADER
fixed length control field 00836nam a2200265Ia 4500
003 - CONTROL NUMBER IDENTIFIER
control field OSt
005 - DATE AND TIME OF LATEST TRANSACTION
control field 20220926022823.0
008 - FIXED-LENGTH DATA ELEMENTS--GENERAL INFORMATION
fixed length control field 220923b |||||||| |||| 00| 0 eng d
020 ## - INTERNATIONAL STANDARD BOOK NUMBER
International Standard Book Number 9781844672059
037 ## - SOURCE OF ACQUISITION
Terms of availability General Book
040 ## - CATALOGING SOURCE
Original cataloging agency RTL
Transcribing agency RTL
Language of cataloging eng
041 ## - LANGUAGE CODE
Source of code eng
Language code of text/sound track or separate title eng
100 ## - MAIN ENTRY--PERSONAL NAME
Personal name Balibar Etienne Au.
9 (RLIN) 328293
245 #0 - TITLE STATEMENT
Title Spinoza and politics
260 ## - PUBLICATION, DISTRIBUTION, ETC.
Place of publication, distribution, etc. New York
Name of publisher, distributor, etc. Verso
Date of publication, distribution, etc. 2008
300 ## - PHYSICAL DESCRIPTION
Extent xxiv, 136p
Dimensions cm.
490 ## - SERIES STATEMENT
Series statement Radical thinker`s 27
650 ## - SUBJECT ADDED ENTRY--TOPICAL TERM
Topical term or geographic name entry element Sociology
700 ## - ADDED ENTRY--PERSONAL NAME
Personal name Snowdon Peter Tr.
9 (RLIN) 328294
942 ## - ADDED ENTRY ELEMENTS (KOHA)
Classification part Y9(W), P8
Koha item type General Books
Source of classification or shelving scheme Colon Classification (CC)
Holdings
Withdrawn status Lost status Damaged status Not for loan Home library Current library Date acquired Source of acquisition Cost, normal purchase price Total Checkouts Full call number Barcode Date last seen Cost, replacement price Price effective from Koha item type
        Ratan Tata Library Ratan Tata Library 2022-09-26 DU0136, 27/03/2008, INDEPENDENT PUBLISHERS GROUP 482.81   Y9(W) P8 RT1326961 2022-09-26 482.81 2022-09-26 General Books
Copyright @ Delhi University Library System